书目信息 |
| 题名: |
大学生心理优化辅导
|
|
| 作者: | 贺淑曼 主编 | |
| 分册: | ||
| 出版信息: | 北京 高等教育出版社 2005.04 |
|
| 页数: | 296页 | |
| 开本: | 21cm | |
| 丛书名: | 当代潜人才优化心理丛书 | |
| 单 册: | ||
| 中图分类: | G647.9 | |
| 科图分类: | ||
| 主题词: | 大学生--da xue sheng--心理卫生--健康教育 | |
| 电子资源: | ||
| ISBN: | 7-04-016312-8 | |
| 000 | 00992nam 2200277 450 | |
| 001 | 012006334426 | |
| 005 | 20060805085957.95 | |
| 010 | @a7-04-016312-8@dCNY12.90 | |
| 100 | @a20060805d2005 km y0chiy0120 ea | |
| 101 | 0 | @achi |
| 102 | @aCN@b110000 | |
| 105 | @aa a 000yy | |
| 106 | @ar | |
| 200 | 1 | @a大学生心理优化辅导@Ada xue sheng xin li you hua fu dao@f贺淑曼主编@Fhe shu man zhu bian |
| 210 | @a北京@c高等教育出版社@d2005.04 | |
| 215 | @a296页@c图@d21cm | |
| 225 | 2 | @a当代潜人才优化心理丛书@Adang dai qian ren cai you hua xin li cong shu |
| 300 | @a高校心理素质教育通用教材。 | |
| 320 | @a有书目 (第278~279页) | |
| 330 | @a本书主要讨论了大学生保持心理健康、追求心理优化的意义和方法,涉及社会化与适应、学习能力、人际能力、性与爱等内容。 | |
| 410 | 0 | @12001 @a当代潜人才优化心理丛书 |
| 606 | 0 | @a大学生@Ada xue sheng@x心理卫生@x健康教育 |
| 690 | @aG647.9@v4 | |
| 701 | 0 | @a贺淑曼@Ahe shu man@4主编 |
| 801 | 0 | @aCN@bQSSK@c20060805 |
| 905 | @b598059-61@dG647.9@eH319 | |
| 大学生心理优化辅导/贺淑曼主编.-北京:高等教育出版社,2005.04 |
| 296页:图;21cm.-(当代潜人才优化心理丛书) |
| 高校心理素质教育通用教材。 |
| ISBN 7-04-016312-8:CNY12.90 |
| 本书主要讨论了大学生保持心理健康、追求心理优化的意义和方法,涉及社会化与适应、学习能力、人际能力、性与爱等内容。 |
| ● |
| 相关链接 |
|
|
|
正题名:大学生心理优化辅导
索取号:G647.9/H319
 
预约/预借
| 序号 | 登录号 | 条形码 | 馆藏地/架位号 | 状态 | 备注 |
| 1 | 598059 | 205980599 | 社科库409/409社科库 14排3列1层/ [索取号:G647.9/H319] | 在馆 | |
| 2 | 598060 | 205980606 | 社科库409/409社科库 14排3列1层/ [索取号:G647.9/H319] | 在馆 | |
| 3 | 598061 | 205980615 | 社科库409/409社科库 14排3列1层/ [索取号:G647.9/H319] | 在馆 |